Μελετήματα προσωκρατικής ηθικής
Αποθηκεύτηκε σε:
| Κύριος συγγραφέας: | |
|---|---|
| Συγγραφή απο Οργανισμό/Αρχή: | |
| Άλλοι συγγραφείς: | |
| Μορφή: | Βιβλίο |
| Γλώσσα: | Greek |
| Δημοσίευση: |
Αθήναι :
Ακαδημία Αθηνών Κέντρον Ερεύνης της Ελληνικής Φιλοσοφίας,
1994.
|
| Θέματα: | |
| Ετικέτες: |
Προσθήκη ετικέτας
Δεν υπάρχουν, Καταχωρήστε ετικέτα πρώτοι!
|
MARC
| LEADER | 00000cam a2200000 i 4500 | ||
|---|---|---|---|
| 001 | 1/89633 | ||
| 008 | 051121s1994 gr | ||| |||| ||gre|| | ||
| 035 | |l 10081374 | ||
| 040 | |a GR-MyUA |b gre |e AACR2 | ||
| 041 | 0 | |a gre | |
| 082 | 0 | |a 182 |2 (22) | |
| 100 | 1 | |a Κελεσίδου-Γαλανού, Άννα Μ., |d 1936- | |
| 245 | 1 | 0 | |a Μελετήματα προσωκρατικής ηθικής / |c Άννα Κελεσίδου ; πρόλογος Γ. Βλάχου. |
| 260 | |a Αθήναι : |b Ακαδημία Αθηνών Κέντρον Ερεύνης της Ελληνικής Φιλοσοφίας, |c 1994. | ||
| 300 | |a 129 σ. ; |c 20 εκ. | ||
| 504 | |a Περιέχει βιβλιογραφία. | ||
| 650 | 0 | 0 | |a Ethics, Ancient. |
| 650 | 0 | 0 | |a Pre-Socratic philosophers. |
| 650 | 0 | 0 | |a Philosophy, Ancient. |
| 700 | 1 | |a Βλάχος, Γεώργιος Κ., |d 1912-1996, |e aui | |
| 710 | 1 | |a Ακαδημία Αθηνών |b Κέντρον Ερεύνης της Ελληνικής Φιλοσοφίας. | |
| 852 | |a INST |b LESVOS |e 20060125 |h 182 ΚΕΛ |p 005100034024 |q 005100034024 |t BK |y 0 | ||
| 852 | |a INST |b SAMOS |e 20051121 |h 182 ΚΕΛ |p 005300024737 |q 005300024737 |t BK |y 0 | ||
| 901 | |a BIBL3-2005-3 | ||
| 901 | |a BIBL1-2006-1 | ||
| 909 | |a Σ |b 124627 | ||
| 909 | |a Λ |b 125546 | ||
| 970 | |a Μαλαγάρη |b Φωτεινή |z 2005/11/21 | ||